[Event "GER-chT U14"]
[Site "Duesseldorf"]
[Date "2016.12.30"]
[Round "7.2"]
[White "Kostenko, Peter Alexander"]
[Black "Askerov, Imamali"]
[Result "0-1"]
[WhiteElo "1220"]
[BlackElo "1777"]
[PlyCount "78"]
[EventDate "2016.12.27"]
[EventType "team-swiss"]
[EventRounds "7"]
[EventCountry "GER"]
[SourceTitle "EXT 2022"]
[Source "ChessBase"]
[SourceDate "2021.10.06"]
[SourceVersion "1"]
[SourceVersionDate "2021.10.06"]
[SourceQuality "1"]
[WhiteTeam "Duesseldorf SK U14"]
[BlackTeam "Uelzen Post U14"]
[WhiteTeamCountry "GER"]
[BlackTeamCountry "GER"]

1. e4 c5 2. Nf3 e6 3. d4 cxd4 4. Nxd4 a6 5. Be3 Qc7 6. Nc3 Nf6 7. Be2 Bb4 8. Qd3 d5 9. exd5 Nxd5 10. Bd2 Nxc3 11. Bxc3 Bxc3+ 12. bxc3 0-0 13. 0-0 e5 14. Nf3 Nc6 15. Qe4 Qe7 16. Bd3 f5 17. Bc4+ Kh8 18. Qe2 e4 19. Nd4 Ne5 20. Bb3 Bd7 21. f4 Nc6 22. Rfe1 Rac8 23. Rad1 Nd8 24. Rd3 Ne6 25. Rh3 Nxf4 26. Qe3 Nxh3+ 27. Qxh3 f4 28. Be6 Bxe6 29. Nxe6 Rfe8 30. Rxe4 Qd7 31. Qf5 Rf8 32. Qh5 Rf6 33. Ng5 h6 34. Rd4 Qf5 35. h4 Kg8 36. g4 Qxc2 37. Nf3 Qxc3 38. g5 Qe3+ 39. Kf1 Re6 0-1

[Event "GER-chT U14"]
[Site "Duesseldorf"]
[Date "2016.12.29"]
[Round "5.2"]
[White "Bui, Hai Lam"]
[Black "Askerov, Imamali"]
[Result "1-0"]
[WhiteElo "1884"]
[BlackElo "1848"]
[PlyCount "73"]
[EventDate "2016.12.27"]
[EventType "team-swiss"]
[EventRounds "7"]
[EventCountry "GER"]
[SourceTitle "EXT 2018"]
[Source "ChessBase"]
[SourceDate "2017.10.13"]
[SourceVersion "1"]
[SourceVersionDate "2017.10.13"]
[SourceQuality "1"]
[WhiteTeam "Dresden Leuben U14"]
[BlackTeam "Uelzen Post U14"]
[WhiteTeamCountry "GER"]
[BlackTeamCountry "GER"]

1. e4 c5 2. Nf3 e6 3. d4 cxd4 4. Nxd4 a6 5. Nc3 Qc7 6. Bd3 Nf6 7. 0-0 Nc6 8. Nxc6 bxc6 9. Qe2 e5 10. f4 d6 11. fxe5 dxe5 12. Be3 Be7 13. h3 0-0 14. Na4 c5 15. Nc3 Bb7 16. Bg5 Qb6 17. Na4 Qc6 18. Nc3 Rac8 19. Bc4 Rcd8 20. Bxf6 Bxf6 21. Bd5 Qc7 22. Qg4 Rd6 23. Rf3 Bc8 24. Qg3 Qe7 25. Raf1 Kh8 26. Qf2 Rdd8 27. Nd1 Bh4 28. g3 Bf6 29. Qg2 c4 30. Kh2 Bd7 31. Ne3 c3 32. bxc3 Qc5 33. Qf2 Qc8 34. Rxf6 gxf6 35. Qxf6+ Kg8 36. Rf5 h6 37. Qg6+ 1-0

[Event "Lueneburg distr-ch U16/18"]
[Site "Muenster"]
[Date "2016.10.11"]
[Round "3.1"]
[White "Askerov, Imamali"]
[Black "Bieler, Janek"]
[Result "1-0"]
[WhiteElo "1777"]
[BlackElo "1484"]
[PlyCount "96"]
[EventDate "2016.10.10"]
[EventType "swiss"]
[EventRounds "7"]
[EventCountry "GER"]
[SourceTitle "EXT 2019"]
[Source "ChessBase"]
[SourceDate "2018.10.10"]
[SourceVersion "1"]
[SourceVersionDate "2018.10.10"]
[SourceQuality "1"]

1. e4 c6 2. d4 d5 3. e5 Bf5 4. Bd3 Bxd3 5. Qxd3 e6 6. Ne2 Ne7 7. 0-0 Nd7 8. Ng3 Ng6 9. Be3 Be7 10. Nd2 0-0 11. f4 c5 12. c3 cxd4 13. cxd4 Rc8 14. Nf3 Qc7 15. Rac1 Qb8 16. f5 exf5 17. Qxf5 Rxc1 18. Bxc1 Nb6 19. Ng5 Qc8 20. Qf3 Bxg5 21. Bxg5 h6 22. Be3 Qc2 23. Nf5 Qe4 24. Qf2 Kh7 25. Nd6 Qh4 26. Qxh4 Nxh4 27. Nxf7 Nc4 28. Bc1 Kg8 29. e6 Ng6 30. b3 Na5 31. Ba3 Re8 32. e7 Nxe7 33. Nd6 Rb8 34. Re1 Nec6 35. Bb2 Nb4 36. Bc3 Nac6 37. Re2 b6 38. a3 Na6 39. Nb5 Rc8 40. Re6 Kf7 41. Rd6 Ne7 42. Rd7 Ra8 43. Nxa7 Ke6 44. Rb7 Rb8 45. Rxb8 Nxb8 46. Kf2 Nf5 47. Nb5 Nc6 48. g4 Nh4 1-0

[Event "Lueneburg distr-ch U16/18"]
[Site "Muenster"]
[Date "2016.10.10"]
[Round "2.2"]
[White "Askerov, Imamali"]
[Black "Bargsten, Justus"]
[Result "1-0"]
[WhiteElo "1777"]
[BlackElo "1785"]
[PlyCount "63"]
[EventDate "2016.10.10"]
[EventType "swiss"]
[EventRounds "7"]
[EventCountry "GER"]
[SourceTitle "EXT 2019"]
[Source "ChessBase"]
[SourceDate "2018.10.10"]
[SourceVersion "1"]
[SourceVersionDate "2018.10.10"]
[SourceQuality "1"]

1. e4 e6 2. d4 d5 3. Nd2 Nf6 4. e5 Nfd7 5. Bd3 c5 6. c3 Nc6 7. Ne2 cxd4 8. cxd4 f6 9. exf6 Nxf6 10. 0-0 Bd6 11. Nf3 0-0 12. Bg5 Qc7 13. Ng3 Bd7 14. a3 Na5 15. Rc1 Qb6 16. b4 Nc6 17. Bb1 a5 18. Qd3 Bxg3 19. Bxf6 g6 20. Bg5 Bf4 21. Bxf4 Rxf4 22. g3 Rf6 23. b5 Raf8 24. bxc6 Rxf3 25. cxd7 Rxd3 26. Bxd3 Qxd4 27. Bb5 Qf6 28. Rc8 Qg5 29. Rfc1 Kg7 30. R1c7 Rd8 31. Rxd8 Qxd8 32. Rc8 1-0